<?xml version="1.0" encoding="UTF-8"?>
<record
    xmlns:xsi="http://www.w3.org/2001/XMLSchema-instance"
    xsi:schemaLocation="http://www.loc.gov/MARC21/slim http://www.loc.gov/standards/marcxml/schema/MARC21slim.xsd"
    xmlns="http://www.loc.gov/MARC21/slim">

  <leader>01695nam a2200217Ia 4500</leader>
  <controlfield tag="001">b5542-37069 </controlfield>
  <controlfield tag="003">IT-MiCISF</controlfield>
  <controlfield tag="008">161014s9999||||xx |||||||||||||| ||und||</controlfield>
  <datafield tag="040" ind1=" " ind2=" ">
    <subfield code="a">IT-MiCISF</subfield>
    <subfield code="c">IT-MiCISF</subfield>
  </datafield>
  <datafield tag="041" ind1=" " ind2=" ">
    <subfield code="a">it</subfield>
  </datafield>
  <datafield tag="100" ind1=" " ind2=" ">
    <subfield code="a">Bonetti Renzo</subfield>
  </datafield>
  <datafield tag="245" ind1=" " ind2="0">
    <subfield code="a">Innamorati e fidanzati</subfield>
    <subfield code="b">Cammini di autoformazione</subfield>
  </datafield>
  <datafield tag="250" ind1=" " ind2=" ">
    <subfield code="a">1a ed.</subfield>
  </datafield>
  <datafield tag="260" ind1=" " ind2=" ">
    <subfield code="a">Cinisello Balsamo (MI)</subfield>
    <subfield code="b">San Paolo</subfield>
    <subfield code="c">2003</subfield>
  </datafield>
  <datafield tag="300" ind1=" " ind2=" ">
    <subfield code="a">pp. 287</subfield>
  </datafield>
  <datafield tag="500" ind1=" " ind2=" ">
    <subfield code="a">Rota Scalabrini P., Zattoni M., Gillini G. / fidanzamento, preparazione-al-matrimonio, pastorale-prematrimoniale / Il volume &#xE8; un sussidio di autoformazione, destinato alle giovani coppie di battezzati che intendono intraprendere un cammino personale per conoscere e vivere i tre aspetti della loro esperienza d'amore: il discernimento (dall'innamoramento alla scelta di sposarsi), il fidanzamento (la preparazione al sacramento del matrimonio) e la ministerialit&#xE0; della coppia sposata. Il testo si rivolge agli innamorati che scoprono nella loro storia d'amore i segni della presenza di Dio; alle coppie di fidanzati che frequentano i corsi parrocchiali di preparazione al matrimonio; ai giovani sposi che hanno intrapreso il cammino del matrimonio sacramentale. E' strutturato in due parti: una induttiva, che intende partire da una lettura franca e concreta dell'esperienza d'amore, per arrivare a leggerne l'apertura la divino; l'altra deduttiva, che analizza ci&#xF2; che la Rivelazione ci ha detto di Dio, non solo per capire il "suo" progetto d'amore per noi, ma per capirsi ancora meglio come coppia e come singole persone.</subfield>
  </datafield>
  <datafield tag="650" ind1=" " ind2=" ">
    <subfield code="a"> Temi di pastorale / pastorale-familiare</subfield>
    <subfield code="e">012</subfield>
  </datafield>
  <datafield tag="700" ind1=" " ind2=" ">
    <subfield code="a">AA.VV.</subfield>
  </datafield>
  <datafield tag="942" ind1=" " ind2=" ">
    <subfield code="c">BK</subfield>
  </datafield>
  <datafield tag="957" ind1=" " ind2=" ">
    <subfield code="7">1</subfield>
  </datafield>
  <datafield tag="999" ind1=" " ind2=" ">
    <subfield code="a">37069</subfield>
    <subfield code="b">si</subfield>
    <subfield code="g">1</subfield>
    <subfield code="c">211595</subfield>
    <subfield code="d">211595</subfield>
  </datafield>
  <datafield tag="952" ind1=" " ind2=" ">
    <subfield code="0">0</subfield>
    <subfield code="1">0</subfield>
    <subfield code="4">0</subfield>
    <subfield code="6">B_554237069</subfield>
    <subfield code="7">1</subfield>
    <subfield code="a">CISF</subfield>
    <subfield code="b">CISF</subfield>
    <subfield code="d">2016-10-14</subfield>
    <subfield code="l">0</subfield>
    <subfield code="o">b5542-37069 </subfield>
    <subfield code="r">2016-10-14 00:00:00</subfield>
    <subfield code="w">2016-10-14</subfield>
    <subfield code="y">BK</subfield>
    <subfield code="z">Data import 15.10.2016 / by Epidotti, Vaglietti</subfield>
  </datafield>
</record>
